000 00436cam a2200181ua 4500
020 _a0-582-06143-1
041 _aeng
_h
082 _a581.1334 2
_bLAW/PH
100 _aLawlor, D W .
245 _aPhotosynthesis /
_cD W Lawlor.
_hTextual Documents
250 _a1 /
_b.
260 _aLondon :
_bEnglish Language Book Society ,
_c1989.
300 _a262 ; .
500 _a*CSS
504 _a
942 _cBK
999 _c7206
_d7206